000 nam a22 7a 4500
999 _c8348
_d8348
008 180111b ||||| |||| 00| 0 eng d
100 _94763
_aKUNDARA,S.K ETAL
245 _aLAB OF CHEMISTRY-XII
260 _aNEW DELHI
_bROHIT PUB
_c20116